00949nam a22002537a 450000500170000001000130001702000220003003500130005203700160006504000120008108200200009310000270011324500950014026000460023527000550028130000250033650000610036165000370042265000400045970000210049994200290052099900190054995201270056820170124105929.0 aA-806300 c00.00a0195036775 aA-806300 bCen Lib/Ret aDPLbEN a394.268283bTAS aTassy, Garcin de97700 aMuslim festivals in india and other essays /cby Garcin de tassy; translated by M. Waseem  aNew Delhi bOxford University Pressc1995 bNew Delhi aYMCA building, jai singh road e110001 avii, 197p.c20cm(Hb) aIncludes appendix, bibliographical references and index  aFasts and feasts -- Islam973815 aIslam -- Religious festivals973816 aM. Waseem973817 2ddccENh394.268283mTAS c123689d123689 00104070aLbLd2015-06-11eCen Lib/Retg0.00l0o394.268283 TASpA-806300r2015-06-11 00:00:00t1v0.00w2015-06-11yEN